00746nam a2200205 a 450000100100000000500170001000800410002702000150006804000250008310000360010824500760014425000120022026000940023230000270032649000220035350000680037550400270044371000480047083000220051800004037320201002034106.0130823s2001 mx 000 0 spa d a9683690297 aDO-SdBNPbspacBNPHU1 aQuintana Adriano, Elvia Arcelia10aDerechos de los usuarios de la banca /cElvia Arcelia Quintana Adriano. a2a. ed. aMéxico :bUniversidad Nacional Autónoma de México :bCámara de Diputados;,c2001. a65 p. :bil. ;c22 cm.1 aNuestros derechos aIncluye datos biográficos de los autores en la contracubierta aBibliografía : p. 652 aUniversidad Nacional Autónoma de México 0aNuestros derechos